Carassius auratus

Bibliographic Details
Main Author: Tarina, Igor (Author)
Format: Article
Language:Slovak
PhysicalDescription:Literárna príloha Smeny, č. 47, s. 7.
Subjects:

MARC

LEADER 00000nab a2200000 a 4500
001 vtls000244997
003 SK-MaSNL
005 20260302211621.0
008 111130c1986 xo 0 slo
015 |a SNBRB19rr/mm-uuuuu 
035 |a CL0255111 
040 |a SNKBUCL  |b slo  |c SNKBUCL  |e AACR2 
041 0 |a slo 
044 |a xo  |c SK 
080 |a 885.4-3  |2 1981 
100 1 |a Tarina, Igor  |4 aut  |9 862259 
245 1 0 |a Carassius auratus  |c Igor Tarina 
300 |b Literárna príloha Smeny, č. 47, s. 7. 
650 0 7 |a poviedky psychologické  |2 snkbucl  |9 893883 
655 7 |a články z novín a časopisov  |2 snkbucl  |9 267496 
655 7 |a články z odboru literárna veda a krásna literatúra  |2 snkbucl  |9 770045 
773 0 |t Smena  |g Roč. 39, č. 92 (19. 4. 1986) 
850 |a Slovenská národná knižnica v Martine  |a MTA001 
852 |a SNK  |b KIS3GCP 
958 |a RK 
958 |a LX 
992 |a RBX 
999 |c 1485913  |d 1487843